| 000 | 00472nam a2200145 4500 | ||
|---|---|---|---|
| 999 |
_c512095 _d512095 |
||
| 008 | 191030b ||||| |||| 00| 0 eng d | ||
| 100 |
_aAttri, Vibha _912865 |
||
| 245 | _aHimachal Assembly elections 2017: History repeats itself | ||
| 260 | _bResearch Journal Social Sciences | ||
| 300 | _a26(1&2), 2018: p.95-120. | ||
| 700 |
_aSingh, Ananya _912866 |
||
| 773 | _aResearch Journal Social Sciences | ||
| 906 | _aElections - India - Himachal Pradesh | ||
| 942 |
_2ddc _cAR |
||